Catálogo público

Empresa "Vinos Torres Alegra y Familia" Ensenada, Baja California / (Record no. 217549)

MARC details
000 -CABECERA
campo de control de longitud fija 02756nam a22004217a 4500
003 - IDENTIFICADOR DEL NÚMERO DE CONTROL
campo de control CHAP
005 - FECHA Y HORA DE LA ÚLTIMA TRANSACCIÓN
campo de control 20240520091139.0
007 - CAMPO FIJO DE DESCRIPCIÓN FÍSICA--INFORMACIÓN GENERAL
campo de control de longitud fija ta
008 - DATOS DE LONGITUD FIJA--INFORMACIÓN GENERAL
campo de control de longitud fija 220804s2019 mx edobfr|||| 001 0 spa d
040 ## - FUENTE DE LA CATALOGACIÓN
Centro catalogador/agencia de origen mxchpua
090 ## - LOCALMENTE ASIGNADO TIPO-LC NÚMERO DE CLASIFICACIÓN (OCLC); NÚMERO DE CLASIFICACIÓN LOCAL (RLIN)
Número de clasificación (OCLC) (R) ; Numero de clasificación, CALL (RLIN) (NR) T.C.821
Número cutter local (OCLC) ; Número de libro/Signatura topográfica íntegra, CALL (RLIN) S99 EIUPA
Año 2019
245 10 - MENCIÓN DE TÍTULO
Título Empresa "Vinos Torres Alegra y Familia" Ensenada, Baja California /
Mención de responsabilidad, etc. coordinadores Rosa Guadalupe Szymanski Duque y Emmanuel Flores Girón ; colaboradores Isabel Buendía Corona...[y otros]
260 ## - PUBLICACIÓN, DISTRIBUCIÓN, ETC.
Lugar de publicación, distribución, etc. Chapingo, México :
Nombre del editor, distribuidor, etc. El autor,
Fecha de publicación, distribución, etc. 2019
300 ## - DESCRIPCIÓN FÍSICA
Extensión 106 hojas :
Otras características físicas graficas, mapas, planos, fotos +
Material acompañante/anejo 1 CD-ROM
336 ## - TIPO DE CONTENIDO
Fuente rdacontent
Término de tipo de contenido texto
Código de tipo de contenido txt
337 ## - TIPO DE MEDIO
Fuente rdamedia
Nombre/término del tipo de medio no mediado
Código del tipo de medio n
338 ## - TIPO DE SOPORTE
Fuente rdacarrier
Nombre/término del tipo de soporte volumen
Código del tipo de soporte nc
500 ## - NOTA GENERAL
Nota general Grado: 7° año
502 ## - NOTA DE TESIS
Nota de tesis Viaje de Estudios
Tipo de título (EIUPA) --
Nombre de la institución que otorga el título UACh. Departamento de Ingeniería Agroindustrial,
Año de obtención del título 2019
504 ## - NOTA DE BIBLIOGRAFÍA, ETC.
Nota de bibliografía, etc. Bibliografía: hojas 83-85
505 0# - NOTA DE CONTENIDO CON FORMATO
Nota de contenido con formato Contiene 6 planos: --<br/>1. Plano de Distribución de áreas (Esc. 1:100) --<br/>2. Plano de Distribución de equipo (Esc. 1:100) -- <br/>3. Plano de Diagrama de Recorrido de vino blanco (Esc. 1:100) -- <br/>4. Plano de Diagrama de recorrido de vino tinto (Esc. 1:100) --<br/>5. Plano de Diagrama de flujo de vino blanco --<br/>6. Plano de Diagrama de flujo de vino tinto
650 13 - PUNTO DE ACCESO ADICIONAL DE MATERIA--TÉRMINO DE MATERIA
Término de materia o nombre geográfico como elemento de entrada Industria del vino
Subdivisión geográfica México
-- Baja California
650 13 - PUNTO DE ACCESO ADICIONAL DE MATERIA--TÉRMINO DE MATERIA
9 (RLIN) 156221
Término de materia o nombre geográfico como elemento de entrada Calidad del vino
650 13 - PUNTO DE ACCESO ADICIONAL DE MATERIA--TÉRMINO DE MATERIA
Término de materia o nombre geográfico como elemento de entrada Vinos
Subdivisión general Comercialización
Subdivisión geográfica México
-- Baja California
650 13 - PUNTO DE ACCESO ADICIONAL DE MATERIA--TÉRMINO DE MATERIA
Término de materia o nombre geográfico como elemento de entrada Wine industry
Subdivisión geográfica Mexico
-- Baja California
650 13 - PUNTO DE ACCESO ADICIONAL DE MATERIA--TÉRMINO DE MATERIA
9 (RLIN) 156223
Término de materia o nombre geográfico como elemento de entrada Wine quality
650 13 - PUNTO DE ACCESO ADICIONAL DE MATERIA--TÉRMINO DE MATERIA
Término de materia o nombre geográfico como elemento de entrada Wines
Subdivisión general Commercialization
Subdivisión geográfica Mexico
-- Baja California
700 1# - PUNTO DE ACCESO ADICIONAL--NOMBRE DE PERSONA
Nombre de persona Szymanski Duque, Rosa Guadalupe
Término indicativo de función/relación coordinador
9 (RLIN) 151434
700 1# - PUNTO DE ACCESO ADICIONAL--NOMBRE DE PERSONA
Nombre de persona Flores Girón, Emmanuel
Término indicativo de función/relación coordinador
9 (RLIN) 161718
700 1# - PUNTO DE ACCESO ADICIONAL--NOMBRE DE PERSONA
9 (RLIN) 161602
Nombre de persona Buendía Corona, Isabel
Término indicativo de función/relación colaborador
856 41 - LOCALIZACIÓN Y ACCESO ELECTRÓNICOS
Identificador Uniforme del Recurso <a href="http://10.13.5.2/ve/T_C_821_EIUPA/T_C_821_EIUPA_2019_REPORTE.pdf">http://10.13.5.2/ve/T_C_821_EIUPA/T_C_821_EIUPA_2019_REPORTE.pdf</a>
Texto de enlace DESCARGAR REPORTE
856 41 - LOCALIZACIÓN Y ACCESO ELECTRÓNICOS
Identificador Uniforme del Recurso <a href="http://10.13.5.2/ve/T_C_821_EIUPA/T_C_821_EIUPA_2019_PLANO_AREAS.pdf">http://10.13.5.2/ve/T_C_821_EIUPA/T_C_821_EIUPA_2019_PLANO_AREAS.pdf</a>
Texto de enlace DESCARGAR PLANO DE DISTRIBUCIÓN DE ÁREAS
856 41 - LOCALIZACIÓN Y ACCESO ELECTRÓNICOS
Identificador Uniforme del Recurso <a href="http://10.13.5.2/ve/T_C_821_EIUPA/T_C_821_EIUPA_2019_PLANO_DISTRIBUCION_DE_EQUIPO.pdf">http://10.13.5.2/ve/T_C_821_EIUPA/T_C_821_EIUPA_2019_PLANO_DISTRIBUCION_DE_EQUIPO.pdf</a>
Texto de enlace DESCARGAR PLANO DE DISTRIBUCIÓN DE EQUIPO
856 41 - LOCALIZACIÓN Y ACCESO ELECTRÓNICOS
Identificador Uniforme del Recurso <a href="http://10.13.5.2/ve/T_C_821_EIUPA/T_C_821_EIUPA_2019_PLANO_RECORRIDO_DE_VINO_BLANCO.pdf">http://10.13.5.2/ve/T_C_821_EIUPA/T_C_821_EIUPA_2019_PLANO_RECORRIDO_DE_VINO_BLANCO.pdf</a>
Texto de enlace DESCARGAR PLANO DE DIAGRAMA DE RECORRIDO DE VINO BLANCO
856 41 - LOCALIZACIÓN Y ACCESO ELECTRÓNICOS
Identificador Uniforme del Recurso <a href="http://10.13.5.2/ve/T_C_821_EIUPA/T_C_821_EIUPA_2019_PLANO_DIAGRAMA_DE_RECORRIDO_DE_VINO_TINTO.pdf">http://10.13.5.2/ve/T_C_821_EIUPA/T_C_821_EIUPA_2019_PLANO_DIAGRAMA_DE_RECORRIDO_DE_VINO_TINTO.pdf</a>
Texto de enlace DESCARGAR PLANO DE DIAGRAMA DE RECORRIDO DE VINO TINTO
856 41 - LOCALIZACIÓN Y ACCESO ELECTRÓNICOS
Identificador Uniforme del Recurso <a href="http://10.13.5.2/ve/T_C_821_EIUPA/T_C_821_EIUPA_2019_PLANO_DDF_BLANCO.pdf">http://10.13.5.2/ve/T_C_821_EIUPA/T_C_821_EIUPA_2019_PLANO_DDF_BLANCO.pdf</a>
Texto de enlace DESCARGAR PLANO DE DIAGRAMA DE FLUJO DE VINO BLANCO
856 41 - LOCALIZACIÓN Y ACCESO ELECTRÓNICOS
Identificador Uniforme del Recurso <a href="http://10.13.5.2/ve/T_C_821_EIUPA/T_C_821_EIUPA_2019_PLANO_DDF_TINTO.pdf">http://10.13.5.2/ve/T_C_821_EIUPA/T_C_821_EIUPA_2019_PLANO_DDF_TINTO.pdf</a>
Texto de enlace DESCARGAR PLANO DE DIAGRAMA DE FLUJO DE VINO TINTO
Holdings
Estado de retiro Estado de pérdida Fuente del sistema de clasificación o colocación Estado dañado Restricciones de uso No para préstamo Código de colección Localización permanente Ubicación/localización actual Fecha de adquisición Fuente de adquisición Total de préstamos Signatura topográfica completa Código de barras Fecha visto por última vez Número de copia Tipo de ítem Koha Ubicación en estantería
    Clasificación Universidad Autónoma de Chapingo   Préstamo interno   Viajes de Estudio Ingenieria Agroindustrial Ingenieria Agroindustrial 04/08/2022 El autor   T.C.821 S99 EIUPA 2019 1106013484 26/01/2026 Ej.1 Viaje de Estudios  
    Clasificación Universidad Autónoma de Chapingo   Préstamo 5 días   Viajes de Estudio Ingenieria Agroindustrial Ingenieria Agroindustrial 04/08/2022 El autor   T.C.821 S99 EIUPA 2019 1106013485 26/01/2026 Ej.2 Viaje de Estudios  
    Clasificación Universidad Autónoma de Chapingo   Préstamo interno   Viajes de Estudio Ingenieria Agroindustrial Ingenieria Agroindustrial 04/08/2022 El autor   T.C.821 S99 EIUPA 2019 1106013486 04/08/2022 Ej.3 CD  
    Clasificación Universidad Autónoma de Chapingo   Préstamo interno   Viajes de Estudio Ingenieria Agroindustrial Ingenieria Agroindustrial 04/08/2022 El autor   T.C.821 S99 EIUPA 2019 1106013487 04/08/2022 Ej.4 CD  
    Clasificación Universidad Autónoma de Chapingo       Viajes de estudio - En línea Ingenieria Agroindustrial Ingenieria Agroindustrial 21/02/2023 El autor   T.C.821 S99 EIUPA 2019 1206013484 21/02/2023   Viajes de Estudio - En línea En línea